000 00631nam a2200241 i 4500
001 C2-0215788
003 PPAK
005 20180728104351.0
008 990503s1992 my |||| ||||| | may d
020 _a983907105X
040 _aPPAK
_beng
_cPPAK
_erda
082 0 4 _a899.234
_2 23
090 0 0 _a899.234
_bBIR
_dKSA
245 0 0 _aBirai pinggir
264 1 _a[Terengganu] :
_bWahwi Production House ,
_c1992
300 _a116 pages ;
_c21 cm
336 _2rdacontent
_atext
337 _2rdamedia
_aunmediated
338 _2rdacarrier
_avolume
650 1 0 _aEssays
700 0 _aWan Ahmad Ismail,
_ecompile
942 _ddc
_cB
999 _c159500
_d159500